[Event "DVM U20 2020"]
[Site "Willingen GER"]
[Date "2021.06.24"]
[Round "2"]
[White "Grunwald, Jonathan"]
[Black "Jahrke, Jonas"]
[Result "1/2-1/2"]
[Termination "normal"]
[Board "7.5"]
[WhiteElo "1798"]
[BlackElo "1837"]
[WhiteClock "00:01:59"]
[BlackClock "00:01:45"]
[WhiteTeam "Biebertaler Schachfreunde"]
[BlackTeam "Schachfreunde Essen-Katernberg"]
[PlyCount "159"]
[WhiteFideId "12955744"]
[BlackFideId "12984353"]
[EventCountry "GER"]
[EventRounds "7"]
[EventType "team-swiss"]
[EventDate "2021.06.23"]

1. e4 {[%clk 01:30:57]} {[%emt 00:00:03]} c5 {[%clk 01:30:50]} {[%emt
00:00:09]} 2. Nc3 {[%clk 01:31:16]} {[%emt 00:00:11]} a6 {[%clk 01:31:06]}
{[%emt 00:00:14]} 3. Nf3 {[%clk 01:31:29]} {[%emt 00:00:18]} d6 {[%clk
01:29:57]} {[%emt 00:01:39]} 4. d4 {[%clk 01:30:44]} {[%emt 00:01:15]} cxd4
{[%clk 01:30:08]} {[%emt 00:00:18]} 5. Nxd4 {[%clk 01:31:08]} {[%emt 00:00:06]}
Nf6 {[%clk 01:30:12]} {[%emt 00:00:27]} 6. g3 {[%clk 01:27:26]} {[%emt
00:04:12]} e5 {[%clk 01:28:59]} {[%emt 00:01:43]} 7. Nde2 {[%clk 01:24:46]}
{[%emt 00:03:09]} b5 {[%clk 01:24:01]} {[%emt 00:05:28]} 8. Bg2 {[%clk
01:21:21]} {[%emt 00:03:55]} Be7 {[%clk 01:24:02]} {[%emt 00:00:28]} 9. Nd5
{[%clk 01:19:59]} {[%emt 00:01:52]} Nxd5 {[%clk 01:23:45]} {[%emt 00:00:47]}
10. Qxd5 {[%clk 01:20:11]} {[%emt 00:00:19]} Ra7 {[%clk 01:23:41]} {[%emt
00:00:33]} 11. Be3 {[%clk 01:19:01]} {[%emt 00:01:41]} Bb7 {[%clk 01:23:51]}
{[%emt 00:00:19]} 12. Qd3 {[%clk 01:18:04]} {[%emt 00:01:28]} Ra8 {[%clk
01:23:58]} {[%emt 00:00:22]} 13. Nc3 {[%clk 01:16:00]} {[%emt 00:02:34]} Nd7
{[%clk 01:17:17]} {[%emt 00:07:12]} 14. O-O {[%clk 01:13:30]} {[%emt 00:02:59]}
Nf6 {[%clk 01:13:59]} {[%emt 00:03:49]} 15. Rad1 {[%clk 01:07:15]} {[%emt
00:06:44]} O-O {[%clk 01:11:19]} {[%emt 00:03:10]} 16. Bg5 {[%clk 01:03:04]}
{[%emt 00:04:41]} Ne8 {[%clk 01:00:57]} {[%emt 00:10:52]} 17. Bxe7 {[%clk
00:59:35]} {[%emt 00:04:00]} Qxe7 {[%clk 01:01:17]} {[%emt 00:00:10]} 18. Nd5
{[%clk 00:58:28]} {[%emt 00:01:37]} Bxd5 {[%clk 01:01:07]} {[%emt 00:00:40]}
19. Qxd5 {[%clk 00:58:43]} {[%emt 00:00:14]} Rc8 {[%clk 00:52:16]} {[%emt
00:09:21]} 20. Rd2 {[%clk 00:49:44]} {[%emt 00:09:29]} Rc5 {[%clk 00:49:14]}
{[%emt 00:03:32]} 21. Qd3 {[%clk 00:48:38]} {[%emt 00:01:36]} Qe6 {[%clk
00:42:50]} {[%emt 00:06:55]} 22. a4 {[%clk 00:37:04]} {[%emt 00:12:03]} Qc4
{[%clk 00:33:08]} {[%emt 00:10:12]} 23. axb5 {[%clk 00:33:49]} {[%emt
00:03:46]} axb5 {[%clk 00:33:05]} {[%emt 00:00:33]} 24. Qxc4 {[%clk 00:32:32]}
{[%emt 00:01:46]} Rxc4 {[%clk 00:27:38]} {[%emt 00:05:57]} 25. c3 {[%clk
00:26:33]} {[%emt 00:06:29]} Rc6 {[%emt 00:01:16]} 26. Rfd1 {[%emt 00:02:44]}
g6 {[%clk 00:16:12]} {[%emt 00:08:27]} 27. Bf1 {[%clk 00:16:44]} {[%emt
00:10:48]} Rb6 {[%clk 00:15:57]} {[%emt 00:00:45]} 28. Rd5 {[%clk 00:08:24]}
{[%emt 00:08:50]} b4 {[%clk 00:15:33]} {[%emt 00:00:55]} 29. Rb5 {[%clk
00:07:16]} {[%emt 00:01:38]} Rxb5 {[%clk 00:15:15]} {[%emt 00:00:48]} 30. Bxb5
{[%clk 00:07:39]} {[%emt 00:00:06]} bxc3 {[%clk 00:15:24]} {[%emt 00:00:22]}
31. bxc3 {[%clk 00:08:02]} {[%emt 00:00:06]} Nc7 {[%clk 00:15:03]} {[%emt
00:00:51]} 32. Bf1 {[%clk 00:04:43]} {[%emt 00:03:49]} Rd8 {[%clk 00:14:55]}
{[%emt 00:00:37]} 33. c4 {[%clk 00:04:49]} {[%emt 00:00:26]} Ne6 {[%clk
00:14:22]} {[%emt 00:01:03]} 34. Rd5 {[%clk 00:03:56]} {[%emt 00:01:23]} Kf8
{[%clk 00:12:48]} {[%emt 00:02:03]} 35. f3 {[%clk 00:03:02]} {[%emt 00:01:24]}
Ke7 {[%clk 00:12:13]} {[%emt 00:01:04]} 36. Ra5 {[%clk 00:02:15]} {[%emt
00:01:18]} Rd7 {[%clk 00:11:39]} {[%emt 00:01:05]} 37. Kf2 {[%clk 00:01:31]}
{[%emt 00:01:14]} Rb7 {[%clk 00:11:32]} {[%emt 00:00:36]} 38. Ra2 {[%clk
00:01:29]} {[%emt 00:00:32]} Nd4 {[%clk 00:09:37]} {[%emt 00:02:26]} 39. f4
{[%clk 00:01:10]} {[%emt 00:00:49]} f6 {[%clk 00:07:46]} {[%emt 00:02:21]} 40.
fxe5 {[%clk 00:00:42]} {[%emt 00:00:58]} fxe5 {[%clk 00:07:29]} {[%emt
00:00:47]} 41. Bg2 {[%clk 00:24:21]} {[%emt 00:06:49]} Kd7 {[%clk 00:34:29]}
{[%emt 00:03:31]} 42. Bh3+ {[%clk 00:20:52]} {[%emt 00:04:00]} Ke7 {[%clk
00:30:57]} {[%emt 00:04:01]} 43. Bg4 {[%clk 00:17:22]} {[%emt 00:04:01]} h5
{[%clk 00:29:22]} {[%emt 00:02:05]} 44. Be2 {[%clk 00:16:17]} {[%emt 00:01:33]}
Rb4 {[%emt 00:04:26]} 45. Bf1 {[%clk 00:12:48]} {[%emt 00:01:19]} Rb3 {[%clk
00:27:11]} {[%emt 00:01:24]} 46. Be2 {[%clk 00:10:27]} {[%emt 00:02:53]} Rc3
{[%clk 00:25:11]} {[%emt 00:02:30]} 47. Bf1 {[%clk 00:08:44]} {[%emt 00:02:12]}
Rf3+ {[%clk 00:20:36]} {[%emt 00:05:03]} 48. Kg1 {[%clk 00:08:37]} {[%emt
00:00:38]} Re3 {[%clk 00:19:31]} {[%emt 00:01:36]} 49. Bg2 {[%clk 00:06:02]}
{[%emt 00:03:06]} Rc3 {[%clk 00:18:46]} {[%emt 00:01:14]} 50. Bf1 {[%emt
00:03:34]} Nf3+ {[%emt 00:02:12]} 51. Kg2 {[%clk 00:04:19]} {[%emt 00:00:01]}
Ng5 {[%clk 00:15:56]} {[%emt 00:00:47]} 52. Ra7+ {[%clk 00:02:59]} {[%emt
00:01:50]} Ke6 {[%clk 00:15:23]} {[%emt 00:01:02]} 53. c5 {[%clk 00:02:53]}
{[%emt 00:00:38]} Rc2+ {[%clk 00:15:31]} {[%emt 00:00:19]} 54. Kh1 {[%clk
00:02:12]} {[%emt 00:01:13]} Nf3 {[%clk 00:12:48]} {[%emt 00:03:13]} 55. Bh3+
{[%clk 00:02:23]} {[%emt 00:00:19]} Kf6 {[%clk 00:12:43]} {[%emt 00:00:34]} 56.
Bg2 {[%clk 00:02:41]} {[%emt 00:00:13]} Rc1+ {[%clk 00:12:26]} {[%emt
00:00:46]} 57. Bf1 {[%clk 00:03:08]} {[%emt 00:00:04]} Rxf1+ {[%clk 00:10:53]}
{[%emt 00:02:03]} 58. Kg2 {[%clk 00:03:34]} {[%emt 00:00:04]} Rd1 {[%clk
00:08:15]} {[%emt 00:03:06]} 59. Kxf3 {[%clk 00:02:45]} {[%emt 00:01:21]} dxc5
{[%clk 00:08:36]} {[%emt 00:00:09]} 60. Ra6+ {[%clk 00:02:41]} {[%emt
00:00:33]} Kf7 {[%clk 00:08:48]} {[%emt 00:00:17]} 61. Rc6 {[%clk 00:02:28]}
{[%emt 00:00:45]} Rc1 {[%clk 00:07:47]} {[%emt 00:01:30]} 62. Ke3 {[%clk
00:02:29]} {[%emt 00:00:29]} Rc2 {[%clk 00:06:14]} {[%emt 00:02:02]} 63. Kd3
{[%clk 00:00:58]} {[%emt 00:02:03]} Rxh2 {[%clk 00:05:29]} {[%emt 00:01:15]}
64. Rxc5 {[%clk 00:01:23]} {[%emt 00:00:06]} Rh3 {[%clk 00:05:24]} {[%emt
00:00:33]} 65. Rxe5 {[%clk 00:01:20]} {[%emt 00:00:34]} Rxg3+ {[%clk 00:05:48]}
{[%emt 00:00:07]} 66. Ke2 {[%clk 00:01:32]} {[%emt 00:00:17]} Kf6 {[%clk
00:05:20]} {[%emt 00:00:58]} 67. Ra5 {[%clk 00:01:45]} {[%emt 00:00:17]} h4
{[%clk 00:05:06]} {[%emt 00:00:44]} 68. Kf2 {[%clk 00:02:07]} {[%emt 00:00:08]}
Ke6 {[%clk 00:04:18]} {[%emt 00:01:17]} 69. Rb5 {[%clk 00:02:01]} {[%emt
00:00:37]} g5 {[%clk 00:04:10]} {[%emt 00:00:37]} 70. Rf5 {[%clk 00:02:03]}
{[%emt 00:00:28]} g4 {[%clk 00:03:32]} {[%emt 00:01:09]} 71. Rg5 {[%clk
00:01:52]} {[%emt 00:00:41]} Rf3+ {[%clk 00:03:14]} {[%emt 00:00:47]} 72. Ke2
{[%clk 00:01:34]} {[%emt 00:00:49]} Rg3 {[%clk 00:03:13]} {[%emt 00:00:30]} 73.
Kf2 {[%clk 00:01:57]} {[%emt 00:00:09]} Kf6 {[%clk 00:03:19]} {[%emt 00:00:22]}
74. Rf5+ {[%clk 00:01:58]} {[%emt 00:00:30]} Kg6 {[%clk 00:03:28]} {[%emt
00:00:20]} 75. Rf4 {[%clk 00:02:19]} {[%emt 00:00:09]} Kg7 {[%clk 00:03:15]}
{[%emt 00:00:42]} 76. Rf5 {[%clk 00:01:22]} {[%emt 00:01:29]} Kh6 {[%clk
00:02:55]} {[%emt 00:00:51]} 77. Rf6+ {[%clk 00:01:23]} {[%emt 00:00:29]} Kg7
{[%clk 00:02:57]} {[%emt 00:00:25]} 78. Rf5 {[%clk 00:01:48]} {[%emt 00:00:07]}
Kg6 {[%clk 00:02:29]} {[%emt 00:00:57]} 79. Rf4 {[%clk 00:02:08]} {[%emt
00:00:11]} Kg7 {[%clk 00:01:45]} {[%emt 00:01:13]} 80. Rf5 {[%clk 00:01:59]}
{[%emt 00:00:08]} 1/2-1/2

[Event "DVM U20 2020"]
[Site "Willingen GER"]
[Date "2021.06.24"]
[Round "2"]
[White "Mätzkow, Maximilian Paul"]
[Black "Burian, Simon"]
[Result "1-0"]
[Termination "normal"]
[Board "8.1"]
[WhiteTitle "FM"]
[WhiteElo "2231"]
[BlackElo "2106"]
[WhiteClock "00:34:25"]
[BlackClock "00:28:31"]
[WhiteTeam "SC Kreuzberg e.V."]
[BlackTeam "Schachklub König Plauen"]
[PlyCount "91"]
[WhiteFideId "24679933"]
[BlackFideId "12956902"]
[EventCountry "GER"]
[EventRounds "7"]
[EventType "team-swiss"]
[EventDate "2021.06.23"]

1. d4 {[%clk 01:30:58]} {[%emt 00:00:04]} Nf6 {[%clk 01:30:55]} {[%emt
00:00:03]} 2. c4 {[%clk 01:31:23]} {[%emt 00:00:05]} c5 {[%clk 01:31:21]}
{[%emt 00:00:04]} 3. d5 {[%clk 01:31:50]} {[%emt 00:00:03]} b5 {[%clk
01:31:47]} {[%emt 00:00:04]} 4. cxb5 {[%clk 01:32:17]} {[%emt 00:00:04]} a6
{[%clk 01:32:13]} {[%emt 00:00:05]} 5. b6 {[%clk 01:32:43]} {[%emt 00:00:03]}
e6 {[%clk 01:32:36]} {[%emt 00:00:07]} 6. Nc3 {[%clk 01:33:07]} {[%emt
00:00:05]} exd5 {[%clk 01:33:00]} {[%emt 00:00:06]} 7. Nxd5 {[%clk 01:33:29]}
{[%emt 00:00:08]} Nxd5 {[%clk 01:33:27]} {[%emt 00:00:03]} 8. Qxd5 {[%clk
01:33:53]} {[%emt 00:00:07]} Nc6 {[%clk 01:33:52]} {[%emt 00:00:04]} 9. Nf3
{[%clk 01:34:18]} {[%emt 00:00:06]} Rb8 {[%clk 01:33:19]} {[%emt 00:01:03]} 10.
e4 {[%clk 01:34:41]} {[%emt 00:00:07]} Be7 {[%clk 01:32:43]} {[%emt 00:01:06]}
11. Bc4 {[%clk 01:34:45]} {[%emt 00:00:26]} O-O {[%clk 01:33:01]} {[%emt
00:00:13]} 12. O-O {[%clk 01:35:04]} {[%emt 00:00:09]} Rxb6 {[%clk 01:28:41]}
{[%emt 00:04:52]} 13. Bd2 {[%clk 01:35:19]} {[%emt 00:00:14]} d6 {[%clk
01:24:51]} {[%emt 00:04:19]} 14. Bc3 {[%clk 01:35:09]} {[%emt 00:00:40]} Bg4
{[%clk 01:18:49]} {[%emt 00:06:33]} 15. Rad1 {[%clk 01:28:41]} {[%emt
00:06:57]} Qc8 {[%clk 01:11:41]} {[%emt 00:07:38]} 16. Qd3 {[%clk 01:22:40]}
{[%emt 00:06:31]} Kh8 {[%clk 01:01:05]} {[%emt 00:11:06]} 17. h3 {[%clk
01:20:29]} {[%emt 00:02:42]} Bh5 {[%clk 00:59:30]} {[%emt 00:02:05]} 18. Rfe1
{[%clk 01:16:32]} {[%emt 00:04:27]} f6 {[%clk 00:52:51]} {[%emt 00:07:08]} 19.
g4 {[%clk 00:58:10]} {[%emt 00:18:53]} Bf7 {[%clk 00:42:30]} {[%emt 00:10:51]}
20. Bxf7 {[%clk 00:57:28]} {[%emt 00:01:12]} Rxf7 {[%clk 00:42:55]} {[%emt
00:00:05]} 21. Nh4 {[%clk 00:56:01]} {[%emt 00:01:56]} Bf8 {[%clk 00:37:36]}
{[%emt 00:05:48]} 22. Nf5 {[%clk 00:53:55]} {[%emt 00:02:37]} Ne5 {[%clk
00:35:02]} {[%emt 00:03:04]} 23. Qe2 {[%clk 00:50:05]} {[%emt 00:04:20]} Qe6
{[%clk 00:30:47]} {[%emt 00:04:44]} 24. a4 {[%clk 00:44:41]} {[%emt 00:05:55]}
Rd7 {[%clk 00:26:18]} {[%emt 00:04:59]} 25. Ne3 {[%clk 00:42:16]} {[%emt
00:02:55]} Qb3 {[%clk 00:23:28]} {[%emt 00:03:21]} 26. f4 {[%clk 00:36:07]}
{[%emt 00:06:38]} Ng6 {[%clk 00:21:01]} {[%emt 00:02:57]} 27. Nd5 {[%clk
00:36:02]} {[%emt 00:00:35]} Rc6 {[%clk 00:20:42]} {[%emt 00:00:49]} 28. a5
{[%clk 00:35:23]} {[%emt 00:01:10]} Ne7 {[%clk 00:17:55]} {[%emt 00:03:16]} 29.
Nb6 {[%clk 00:30:52]} {[%emt 00:05:01]} Rd8 {[%clk 00:15:22]} {[%emt 00:03:03]}
30. Rd2 {[%clk 00:17:47]} {[%emt 00:13:35]} Nc8 {[%clk 00:12:10]} {[%emt
00:03:41]} 31. Qc4 {[%clk 00:12:06]} {[%emt 00:06:12]} Qb5 {[%clk 00:09:35]}
{[%emt 00:03:05]} 32. Qxb5 {[%clk 00:09:43]} {[%emt 00:02:53]} axb5 {[%clk
00:10:00]} {[%emt 00:00:05]} 33. Nxc8 {[%clk 00:10:00]} {[%emt 00:00:13]} Rcxc8
{[%clk 00:09:56]} {[%emt 00:00:34]} 34. b4 {[%clk 00:10:16]} {[%emt 00:00:15]}
d5 {[%clk 00:09:13]} {[%emt 00:01:12]} 35. Rxd5 {[%clk 00:07:16]} {[%emt
00:03:30]} cxb4 {[%clk 00:08:47]} {[%emt 00:00:56]} 36. Bd4 {[%clk 00:06:21]}
{[%emt 00:01:26]} Kg8 {[%clk 00:08:07]} {[%emt 00:01:09]} 37. a6 {[%clk
00:06:07]} {[%emt 00:00:44]} Rxd5 {[%clk 00:05:20]} {[%emt 00:03:17]} 38. exd5
{[%clk 00:06:35]} {[%emt 00:00:02]} Kf7 {[%clk 00:04:45]} {[%emt 00:01:05]} 39.
a7 {[%clk 00:06:49]} {[%emt 00:00:16]} Bd6 {[%clk 00:04:27]} {[%emt 00:00:49]}
40. Ra1 {[%clk 00:06:40]} {[%emt 00:00:38]} Ra8 {[%clk 00:04:27]} {[%emt
00:00:30]} 41. Ra5 {[%clk 00:06:10]} {[%emt 00:00:59]} Bxf4 {[%clk 00:02:07]}
{[%emt 00:02:51]} 42. Rxb5 {[%clk 00:06:31]} {[%emt 00:00:09]} Bd6 {[%clk
00:01:58]} {[%emt 00:00:39]} 43. Rb6 {[%clk 00:03:59]} {[%emt 00:03:03]} Be5
{[%clk 00:29:34]} {[%emt 00:02:53]} 44. Rb7+ {[%clk 00:34:09]} {[%emt
00:00:19]} Kg6 {[%clk 00:30:00]} {[%emt 00:00:05]} 45. Bc5 {[%clk 00:34:36]}
{[%emt 00:00:03]} Rc8 {[%clk 00:28:31]} {[%emt 00:01:59]} 46. d6 {[%clk
00:34:25]} {[%emt 00:00:41]} 1-0

[Event "DVM U20 2020"]
[Site "Willingen GER"]
[Date "2021.06.24"]
[Round "2"]
[White "Linnert, Niklas"]
[Black "Dathe, Frederick"]
[Result "0-1"]
[Termination "normal"]
[Board "8.2"]
[WhiteElo "2043"]
[BlackElo "1992"]
[WhiteClock "00:29:40"]
[BlackClock "00:26:57"]
[WhiteTeam "Schachklub König Plauen"]
[BlackTeam "SC Kreuzberg e.V."]
[PlyCount "48"]
[WhiteFideId "12974781"]
[BlackFideId "12963070"]
[EventCountry "GER"]
[EventRounds "7"]
[EventType "team-swiss"]
[EventDate "2021.06.23"]

1. e4 {[%clk 01:30:56]} {[%emt 00:00:05]} d5 {[%clk 01:30:23]} {[%emt
00:00:36]} 2. exd5 {[%clk 01:30:32]} {[%emt 00:00:55]} Qxd5 {[%clk 01:30:12]}
{[%emt 00:00:40]} 3. Nc3 {[%clk 01:30:16]} {[%emt 00:00:46]} Qa5 {[%clk
01:29:05]} {[%emt 00:01:37]} 4. d4 {[%clk 01:30:00]} {[%emt 00:00:46]} Nf6
{[%clk 01:28:16]} {[%emt 00:01:16]} 5. Bd3 {[%clk 01:30:09]} {[%emt 00:00:24]}
c6 {[%clk 01:25:22]} {[%emt 00:03:24]} 6. Nge2 {[%clk 01:30:12]} {[%emt
00:00:28]} Bg4 {[%clk 01:17:55]} {[%emt 00:07:56]} 7. f3 {[%clk 01:29:27]}
{[%emt 00:01:15]} Bh5 {[%clk 01:18:01]} {[%emt 00:00:22]} 8. O-O {[%clk
01:29:36]} {[%emt 00:00:23]} e6 {[%clk 01:17:21]} {[%emt 00:01:09]} 9. Bf4
{[%clk 01:27:50]} {[%emt 00:02:16]} Be7 {[%clk 01:14:32]} {[%emt 00:03:20]} 10.
a3 {[%clk 01:20:23]} {[%emt 00:07:57]} O-O {[%clk 01:12:12]} {[%emt 00:02:49]}
11. b4 {[%clk 01:19:49]} {[%emt 00:01:06]} Qd8 {[%clk 01:12:03]} {[%emt
00:00:37]} 12. Qd2 {[%clk 01:18:57]} {[%emt 00:01:23]} Nbd7 {[%clk 01:08:57]}
{[%emt 00:03:35]} 13. Ne4 {[%clk 01:13:26]} {[%emt 00:06:02]} a5 {[%clk
01:01:50]} {[%emt 00:07:37]} 14. c4 {[%clk 01:11:27]} {[%emt 00:02:29]} Bg6
{[%clk 00:57:34]} {[%emt 00:04:46]} 15. Nd6 {[%clk 01:04:55]} {[%emt 00:07:02]}
Bxd6 {[%clk 00:41:16]} {[%emt 00:16:47]} 16. Bxd6 {[%clk 01:04:44]} {[%emt
00:00:42]} Re8 {[%clk 00:41:39]} {[%emt 00:00:07]} 17. Bxg6 {[%clk 01:03:39]}
{[%emt 00:01:34]} hxg6 {[%clk 00:41:58]} {[%emt 00:00:12]} 18. Qc3 {[%clk
01:01:39]} {[%emt 00:02:30]} axb4 {[%clk 00:37:46]} {[%emt 00:04:42]} 19. Qxb4
{[%clk 00:59:46]} {[%emt 00:02:23]} Qb6 {[%clk 00:35:59]} {[%emt 00:02:17]} 20.
Rfb1 {[%clk 00:58:54]} {[%emt 00:01:22]} Qa6 {[%clk 00:33:24]} {[%emt
00:03:05]} 21. Nf4 {[%clk 00:54:04]} {[%emt 00:05:20]} b5 {[%clk 00:28:50]}
{[%emt 00:05:04]} 22. cxb5 {[%clk 00:51:54]} {[%emt 00:02:39]} cxb5 {[%clk
00:29:09]} {[%emt 00:00:12]} 23. Be5 {[%clk 00:44:18]} {[%emt 00:08:06]} Rec8
{[%clk 00:28:03]} {[%emt 00:01:35]} 24. Qxb5 {[%clk 00:29:40]} {[%emt
00:15:09]} Rc1+ {[%clk 00:26:57]} {[%emt 00:01:36]} 0-1

[Event "DVM U20 2020"]
[Site "Willingen GER"]
[Date "2021.06.24"]
[Round "2"]
[White "Hommel, Niclas"]
[Black "Graf, Lucas"]
[Result "0-1"]
[Termination "normal"]
[Board "8.3"]
[WhiteElo "2062"]
[BlackElo "1882"]
[WhiteClock "00:08:49"]
[BlackClock "00:22:14"]
[WhiteTeam "SC Kreuzberg e.V."]
[BlackTeam "Schachklub König Plauen"]
[PlyCount "118"]
[WhiteFideId "12974927"]
[BlackFideId "12974889"]
[EventCountry "GER"]
[EventRounds "7"]
[EventType "team-swiss"]
[EventDate "2021.06.23"]

1. e4 {[%clk 01:30:59]} c5 {[%clk 01:30:53]} {[%emt 00:00:07]} 2. Nf3 {[%clk
01:31:27]} {[%emt 00:00:02]} e6 {[%clk 01:31:16]} {[%emt 00:00:07]} 3. d4
{[%clk 01:31:47]} {[%emt 00:00:10]} cxd4 {[%clk 01:31:45]} {[%emt 00:00:01]} 4.
Nxd4 {[%clk 01:32:09]} {[%emt 00:00:07]} Nf6 {[%clk 01:31:39]} {[%emt
00:00:36]} 5. Nc3 {[%clk 01:32:30]} {[%emt 00:00:09]} Nc6 {[%clk 01:32:05]}
{[%emt 00:00:04]} 6. Ndb5 {[%clk 01:28:02]} {[%emt 00:04:59]} d6 {[%clk
01:28:34]} {[%emt 00:04:00]} 7. Bf4 {[%clk 01:28:28]} {[%emt 00:00:05]} e5
{[%clk 01:28:55]} {[%emt 00:00:09]} 8. Bg5 {[%clk 01:28:54]} {[%emt 00:00:05]}
Be7 {[%clk 01:29:19]} {[%emt 00:00:04]} 9. Bxf6 {[%clk 01:26:54]} {[%emt
00:02:31]} gxf6 {[%clk 01:29:25]} {[%emt 00:00:23]} 10. Nd5 {[%clk 01:23:51]}
{[%emt 00:03:33]} O-O {[%clk 01:04:09]} {[%emt 00:25:47]} 11. Nxe7+ {[%clk
01:17:09]} {[%emt 00:07:12]} Qxe7 {[%clk 01:04:28]} {[%emt 00:00:09]} 12. Qxd6
{[%clk 01:17:36]} {[%emt 00:00:05]} Qxd6 {[%clk 01:03:39]} {[%emt 00:01:19]}
13. Nxd6 {[%clk 01:18:04]} {[%emt 00:00:01]} Be6 {[%clk 00:59:21]} {[%emt
00:04:48]} 14. O-O-O {[%clk 01:04:34]} {[%emt 00:14:00]} Rfd8 {[%clk 00:49:30]}
{[%emt 00:10:20]} 15. b3 {[%clk 00:59:27]} {[%emt 00:05:38]} b6 {[%clk
00:37:37]} {[%emt 00:12:22]} 16. c3 {[%clk 00:52:30]} {[%emt 00:07:28]} Rd7
{[%clk 00:34:02]} {[%emt 00:04:05]} 17. Bb5 {[%clk 00:47:18]} {[%emt 00:05:42]}
Rc7 {[%clk 00:34:21]} {[%emt 00:00:11]} 18. Kb2 {[%clk 00:47:23]} {[%emt
00:00:25]} a6 {[%clk 00:32:28]} {[%emt 00:02:24]} 19. Bc4 {[%clk 00:46:15]}
{[%emt 00:01:38]} Rd8 {[%clk 00:27:02]} {[%emt 00:05:55]} 20. Bxe6 {[%clk
00:45:11]} {[%emt 00:01:34]} fxe6 {[%clk 00:27:31]} 21. Nc4 {[%clk 00:45:33]}
{[%emt 00:00:08]} b5 {[%clk 00:25:04]} {[%emt 00:02:56]} 22. Ne3 {[%clk
00:35:26]} {[%emt 00:10:37]} Kf7 {[%clk 00:23:29]} {[%emt 00:02:05]} 23. Rxd8
{[%clk 00:35:36]} {[%emt 00:00:21]} Nxd8 {[%clk 00:23:50]} {[%emt 00:00:10]}
24. Rd1 {[%clk 00:34:51]} {[%emt 00:01:13]} Ke7 {[%clk 00:24:18]} {[%emt
00:00:03]} 25. Ra1 {[%clk 00:27:10]} {[%emt 00:08:11]} Nf7 {[%clk 00:21:10]}
{[%emt 00:03:38]} 26. a4 {[%clk 00:25:51]} {[%emt 00:01:48]} Nd6 {[%clk
00:19:39]} {[%emt 00:02:02]} 27. f3 {[%clk 00:23:52]} {[%emt 00:02:30]} h5
{[%clk 00:16:37]} {[%emt 00:03:31]} 28. axb5 {[%clk 00:23:48]} {[%emt
00:00:35]} axb5 {[%clk 00:16:34]} {[%emt 00:00:33]} 29. Ra8 {[%clk 00:23:16]}
{[%emt 00:01:01]} Kf7 {[%clk 00:13:27]} {[%emt 00:03:37]} 30. Rh8 {[%clk
00:17:14]} {[%emt 00:06:33]} Kg6 {[%clk 00:13:20]} {[%emt 00:00:36]} 31. Rg8+
{[%clk 00:17:39]} {[%emt 00:00:06]} Kf7 {[%clk 00:13:25]} {[%emt 00:00:24]} 32.
Rd8 {[%clk 00:17:54]} {[%emt 00:00:15]} Ne8 {[%clk 00:10:17]} {[%emt 00:03:38]}
33. Rb8 {[%clk 00:16:27]} {[%emt 00:01:57]} Nd6 {[%clk 00:10:25]} {[%emt
00:00:22]} 34. Rb6 {[%clk 00:15:59]} {[%emt 00:00:57]} Ke7 {[%clk 00:10:40]}
{[%emt 00:00:15]} 35. Nc2 {[%clk 00:14:02]} {[%emt 00:02:27]} f5 {[%clk
00:09:58]} {[%emt 00:01:14]} 36. exf5 {[%clk 00:12:16]} {[%emt 00:02:17]} exf5
{[%clk 00:09:49]} {[%emt 00:00:38]} 37. Ne3 {[%clk 00:12:40]} {[%emt 00:00:05]}
Rd7 {[%clk 00:08:43]} {[%emt 00:01:36]} 38. Ka3 {[%clk 00:13:02]} {[%emt
00:00:09]} e4 {[%clk 00:02:10]} {[%emt 00:07:03]} 39. Kb4 {[%clk 00:12:04]}
{[%emt 00:01:27]} Ke6 {[%clk 00:01:36]} {[%emt 00:01:04]} 40. fxe4 {[%clk
00:05:48]} {[%emt 00:06:47]} fxe4 {[%clk 00:01:32]} {[%emt 00:00:33]} 41. Rc6
{[%clk 00:03:14]} {[%emt 00:03:04]} h4 {[%emt 00:26:32]} 42. Rc5 {[%clk
00:11:23]} {[%emt 00:01:15]} Rf7 {[%clk 00:21:23]} {[%emt 00:05:44]} 43. Rh5
{[%clk 00:08:58]} {[%emt 00:02:55]} Nf5 {[%clk 00:21:46]} {[%emt 00:00:07]} 44.
Nxf5 {[%clk 00:04:11]} {[%emt 00:05:18]} Rxf5 {[%clk 00:22:15]} 45. Rxh4 {[%clk
00:04:33]} {[%emt 00:00:08]} e3 {[%clk 00:21:57]} {[%emt 00:00:47]} 46. Rh8
{[%clk 00:04:30]} {[%emt 00:00:33]} Rf7 {[%clk 00:21:30]} {[%emt 00:00:57]} 47.
Rh3 {[%clk 00:04:35]} {[%emt 00:00:25]} Rf4+ {[%clk 00:21:00]} {[%emt
00:01:00]} 48. Kxb5 {[%clk 00:04:56]} {[%emt 00:00:09]} Re4 {[%clk 00:21:21]}
{[%emt 00:00:09]} 49. Rxe3 {[%clk 00:05:13]} {[%emt 00:00:13]} Rxe3 {[%clk
00:21:44]} {[%emt 00:00:07]} 50. b4 {[%clk 00:05:39]} {[%emt 00:00:03]} Rxc3
{[%clk 00:21:55]} {[%emt 00:00:20]} 51. g4 {[%clk 00:05:59]} {[%emt 00:00:10]}
Rh3 {[%clk 00:21:52]} {[%emt 00:00:32]} 52. Kc6 {[%clk 00:06:24]} {[%emt
00:00:06]} Rxh2 {[%clk 00:22:00]} {[%emt 00:00:22]} 53. b5 {[%clk 00:06:49]}
{[%emt 00:00:04]} Rc2+ {[%clk 00:22:17]} {[%emt 00:00:14]} 54. Kb7 {[%clk
00:07:15]} {[%emt 00:00:04]} Rg2 {[%clk 00:22:42]} {[%emt 00:00:05]} 55. b6
{[%clk 00:07:38]} {[%emt 00:00:07]} Kd7 {[%clk 00:21:38]} {[%emt 00:01:35]} 56.
Ka7 {[%clk 00:07:33]} {[%emt 00:00:34]} Kc6 {[%clk 00:21:22]} {[%emt 00:00:50]}
57. b7 {[%clk 00:07:51]} {[%emt 00:00:35]} Ra2+ 58. Kb8 Rb2 {[%clk 00:22:03]}
59. Ka8 {[%clk 00:08:49]} Rxb7 {[%clk 00:22:14]} {[%emt 00:00:14]} 0-1